000 00668nam a2200277Ia 4500
005 20260324121205.0
008 008 260324s9999 xx 000 0 eng d
020 _a9780203591093
037 _aEBOOK
040 _aCRL
040 _beng
040 _cCRL
041 _2eng
041 _aeng
084 _qCRL
100 _aPeter Goodyear; Lucila Carvalho
_91161554
245 4 _aThe Architecture of Productive Learning Networks
260 _bTaylor and Francis
260 _c2014
365 _a
365 _b240
856 _uhttp://www.taylorfrancis.com/books/9780203591093
942 _cEBOOK
999 _c1753491
_d1753491